[Event "Quebec op U2000"]
[Site "Montreal CAN"]
[Date "2009.07.24"]
[Round "8"]
[White "Giroux, Robert"]
[Black "Morin, Louis"]
[Result "0-1"]
[WhiteElo "1822"]
[BlackElo "1881"]
[PlyCount "84"]
[GameId "2160767910155544"]
[EventDate "2009.07.18"]
[EventType "swiss"]
[EventRounds "9"]
[EventCountry "CAN"]

1. Nf3 d5 2. c4 e6 3. g3 c5 4. Bg2 Nc6 5. O-O Nf6 6. cxd5 exd5 7. d4 Be7 8. Nc3 O-O 9. Bg5 Be6 10. Rc1 Ne4 11. Bxe7 Qxe7 12. dxc5 Rad8 13. Nd4 Nxc5 14. e3 Rfe8 15. Na4 Nxa4 16. Rxc6 bxc6 17. Nxc6 Qd7 18. Nxd8 Rxd8 19. Qd4 Nb6 20. Rd1 Qa4 21. Qxa4 Nxa4 22. b3 Nb6 23. h3 Kf8 24. f4 Ke7 25. g4 f6 26. Kf2 h5 27. Bf3 h4 28. Ke2 g5 29. f5 Bc8 30. Kf2 Bb7 31. Rc1 Rc8 32. Rxc8 Nxc8 33. Bg2 Kd6 34. Ke2 Ke5 35. Kd3 Nd6 36. a3 Ba6+ 37. Kd2 Ne4+ 38. Ke1 Bd3 39. b4 Ng3 40. a4 Be4 41. Bxe4 Nxe4 42. b5 Nc3 0-1

[Event "Quebec op U2000"]
[Site "Montreal CAN"]
[Date "2009.07.25"]
[Round "9"]
[White "Morin, Louis"]
[Black "Bouchard, Jean-Marc"]
[Result "1/2-1/2"]
[WhiteElo "1881"]
[BlackElo "1830"]
[PlyCount "103"]
[GameId "2160767910155545"]
[EventDate "2009.07.18"]
[EventType "swiss"]
[EventRounds "9"]
[EventCountry "CAN"]

1. e4 e6 2. d4 d5 3. e5 Bd7 4. Bd3 a6 5. a4 c5 6. Qg4 cxd4 7. Nf3 Nc6 8. O-O Qc7 9. Re1 Nb4 10. Nxd4 Nxd3 11. cxd3 Ne7 12. Nd2 Ng6 13. N2f3 Bc5 14. Be3 Bxd4 15. Qxd4 O-O 16. Rac1 Bc6 17. Bd2 Qd7 18. Bb4 Rfc8 19. b3 a5 20. Bd6 b5 21. axb5 Bxb5 22. Qe3 a4 23. Rxc8+ Rxc8 24. bxa4 Bxa4 25. Rc1 h6 26. h4 Rxc1+ 27. Qxc1 Ne7 28. Bxe7 Qxe7 29. g3 Qd7 30. Nd4 Bb5 31. Qc3 Ba6 32. Kg2 Qc8 33. Qxc8+ Bxc8 34. Kf1 f6 35. f4 fxe5 36. Nc6 Kf7 37. Nxe5+ Kf6 38. Kf2 g5 39. Ng4+ Kg6 40. d4 gxf4 41. gxf4 Ba6 42. Ne3 Bd3 43. Kg3 h5 44. Kf2 Kf6 45. Ke1 Be4 46. Kd2 Bf5 47. Kc3 Bb1 48. Kb4 Bd3 49. Kc5 Bb1 50. Kd6 Be4 51. Kd7 Bg6 52. Kd6 1/2-1/2

[Event "Quebec op U2000"]
[Site "Montreal CAN"]
[Date "2009.07.25"]
[Round "9"]
[White "Yao, Houji"]
[Black "Ramaswamy, Kiran"]
[Result "0-1"]
[WhiteElo "1582"]
[BlackElo "1806"]
[PlyCount "112"]
[GameId "2160767910155546"]
[EventDate "2009.07.18"]
[EventType "swiss"]
[EventRounds "9"]
[EventCountry "CAN"]
[SourceTitle "hb 2009.08"]

1. e4 c5 2. Nf3 Nc6 3. d4 cxd4 4. Nxd4 Nf6 5. Nc3 d6 6. Be2 g6 7. Be3 Bg7 8. Qd2 O-O 9. O-O Rb8 10. Rab1 a6 11. f3 Bd7 12. Kh1 b5 13. Bd3 Ne5 14. Nce2 d5 15. Bf4 dxe4 16. Bxe5 exd3 17. Qxd3 Rb6 18. Rbd1 Be6 19. b3 Nh5 20. Bxg7 Nxg7 21. Qe3 Rd6 22. Rd3 Qa5 23. Nc1 Rfd8 24. Rfd1 Nf5 25. Nxf5 Bxf5 26. Rxd6 Rxd6 27. Rxd6 exd6 28. c3 Qa3 29. Qd2 h5 30. Kg1 h4 31. Kf2 Qc5+ 32. Qe3 Qd5 33. Ne2 Bb1 34. Nc1 Qd1 35. a3 a5 36. b4 a4 37. Ne2 Bd3 38. Qe8+ Kg7 39. Qe3 Kh7 40. Qe7 Kg7 41. Qe3 Qc2 42. Qd4+ Kg8 43. Qe3 Bc4 44. Qe4 Qa2 45. Qe8+ Kg7 46. Qe4 Qxa3 47. Qd4+ Kg8 48. Qxd6 Qb2 49. Qd8+ Kg7 50. Qd4+ f6 51. Qd7+ Kh6 52. Qe7 Qxe2+ 53. Qxe2 Bxe2 54. Kxe2 a3 55. Kd2 a2 56. Kc2 a1=Q 0-1

[Event "Quebec op U2400"]
[Site "Montreal CAN"]
[Date "2009.07.18"]
[Round "1"]
[White "Beaulieu, Pierre"]
[Black "Berube, Antoine"]
[Result "0-1"]
[WhiteElo "1989"]
[BlackElo "2151"]
[PlyCount "122"]
[GameId "2160767910155547"]
[EventDate "2009.07.18"]
[EventType "swiss"]
[EventRounds "9"]
[EventCountry "CAN"]
[SourceTitle "hb 2009.08"]

1. e4 c5 2. Nf3 d6 3. d4 cxd4 4. Nxd4 Nf6 5. Nc3 a6 6. Be2 e5 7. Nb3 Be7 8. Be3 Be6 9. O-O O-O 10. Kh1 Nbd7 11. f3 Nb6 12. Bxb6 Qxb6 13. Qd2 a5 14. Nc1 Rac8 15. Nd3 Rfd8 16. g4 h6 17. g5 hxg5 18. Qxg5 Rc7 19. Rg1 g6 20. Qh6 Bf8 21. Qh4 Be7 22. Qh6 Bc4 23. Raf1 Bxd3 24. Bxd3 Bf8 25. Qh4 Be7 26. Qh6 Bf8 27. Qh4 Be7 28. Qh6 Bf8 29. Qc1 Rxc3 30. bxc3 Nh5 31. Qa3 Nf4 32. Qb3 Qc7 33. Rb1 Rd7 34. c4 Qd8 35. Qb5 Bh6 36. Rg3 Nh5 37. Rg4 Be3 38. Qb2 Nf4 39. Qc3 Nh3 40. Kg2 Nf4+ 41. Kh1 b6 42. Qe1 Bc5 43. Qg3 Ne6 44. Rf1 Kg7 45. f4 exf4 46. Rgxf4 Nxf4 47. Qxf4 Bd4 48. Rf3 Be5 49. Qg4 Qe7 50. h4 Rd8 51. Kg2 Rh8 52. Rh3 Rh5 53. Be2 Bf6 54. Qf4 Rxh4 55. Rxh4 Bxh4 56. Kh3 Bf6 57. Bg4 Qd8 58. Qe3 Be5 59. Kg2 Qc7 60. Bh3 Qxc4 61. a3 Qxc2+ 0-1

[Event "Quebec op U2400"]
[Site "Montreal CAN"]
[Date "2009.07.18"]
[Round "1"]
[White "De Lagrave, Sylvain"]
[Black "Caire, Francois"]
[Result "0-1"]
[WhiteElo "2057"]
[BlackElo "2260"]
[PlyCount "36"]
[GameId "2160767910155549"]
[EventDate "2009.07.18"]
[EventType "swiss"]
[EventRounds "9"]
[EventCountry "CAN"]

1. e4 Nc6 2. d4 e5 3. Nf3 exd4 4. Nxd4 Bc5 5. Nb3 Bb6 6. Bc4 Ne5 7. N1d2 Nf6 8. O-O d6 9. h3 Qe7 10. a4 a6 11. a5 Ba7 12. Re1 g5 13. Be2 g4 14. hxg4 Nfxg4 15. Bxg4 Bxg4 16. Re2 Rg8 17. Kf1 Qh4 18. Ke1 Bxf2+ 0-1

[Event "Quebec op U2400"]
[Site "Montreal CAN"]
[Date "2009.07.18"]
[Round "1"]
[White "Gagnon, Serge"]
[Black "Mai, Lloyd"]
[Result "0-1"]
[WhiteElo "2047"]
[BlackElo "2173"]
[PlyCount "78"]
[GameId "2160767910155550"]
[EventDate "2009.07.18"]
[EventType "swiss"]
[EventRounds "9"]
[EventCountry "CAN"]
[SourceTitle "hb 2009.08"]

1. d4 Nf6 2. c4 g6 3. Nc3 Bg7 4. e4 d6 5. Nf3 O-O 6. Be2 e5 7. O-O Nc6 8. d5 Ne7 9. Bg5 h6 10. Bxf6 Bxf6 11. Nd2 Bg7 12. b4 f5 13. f3 f4 14. c5 g5 15. Nc4 Ng6 16. g4 fxg3 17. hxg3 Rf7 18. Rf2 Qf6 19. cxd6 cxd6 20. Ne3 Nf4 21. Kh1 Nh5 22. g4 Qf4 23. Qd2 Bxg4 24. Nf1 Ng3+ 25. Kg2 Nxf1 26. Qxf4 exf4 27. Raxf1 Bxc3 28. fxg4 Bxb4 29. Rc1 Bc5 30. Rf3 Re8 31. Bd3 h5 32. gxh5 g4 33. Rff1 Kg7 34. Rh1 Kh6 35. Rh4 Rg7 36. Rf1 Be3 37. Re1 Bd4 38. e5 f3+ 39. Kf1 g3 0-1

[Event "Quebec op U2400"]
[Site "Montreal CAN"]
[Date "2009.07.18"]
[Round "1"]
[White "Khassanov, Marat"]
[Black "Forget, Luc"]
[Result "1-0"]
[WhiteElo "2284"]
[BlackElo "2061"]
[PlyCount "63"]
[GameId "2160767910155552"]
[EventDate "2009.07.18"]
[EventType "swiss"]
[EventRounds "9"]
[EventCountry "CAN"]
[SourceTitle "EXT 2011"]
[Source "ChessBase"]
[SourceDate "2011.11.26"]
[SourceVersion "1"]
[SourceVersionDate "2011.11.26"]
[SourceQuality "1"]

1. e4 e5 2. Nf3 Nc6 3. Bc4 Bc5 4. c3 Nf6 5. d4 exd4 6. cxd4 Bb4+ 7. Nc3 Nxe4 8. O-O Bxc3 9. d5 Bf6 10. Re1 Ne7 11. Rxe4 d6 12. Qa4+ Bd7 13. Qb3 O-O 14. Bg5 Bxg5 15. Nxg5 h6 16. Rae1 hxg5 17. Rxe7 b6 18. Bb5 Bxb5 19. Qxb5 a6 20. Qc6 Rc8 21. h3 a5 22. a4 Kh7 23. R1e3 Kg8 24. b3 Kh7 25. Qc2+ Kg8 26. Qf5 c6 27. Qxg5 Rc7 28. dxc6 d5 29. Rg3 g6 30. Rxc7 Qxc7 31. Qxd5 Kg7 32. Qd7 1-0

[Event "Quebec op U2400"]
[Site "Montreal CAN"]
[Date "2009.07.18"]
[Round "1"]
[White "Qin, Zi Yi (Joey)"]
[Black "Berson, Jordan"]
[Result "0-1"]
[WhiteElo "2140"]
[BlackElo "1996"]
[PlyCount "50"]
[GameId "2160767910155554"]
[EventDate "2009.07.18"]
[EventType "swiss"]
[EventRounds "9"]
[EventCountry "CAN"]

1. e4 c6 2. d4 d5 3. exd5 cxd5 4. c4 Nf6 5. Nc3 Nc6 6. Bg5 dxc4 7. d5 Na5 8. Nf3 Bd7 9. Ne5 Rc8 10. Qd4 Qb6 11. Qd2 Qc7 12. Nxd7 Nxd7 13. O-O-O Nc5 14. Kb1 Qe5 15. f3 Qf5+ 16. Ne4 Nxe4 17. fxe4 Qxe4+ 18. Ka1 Rc5 19. Be3 Rb5 20. Be2 g5 21. Bf3 Qg6 22. d6 Bg7 23. d7+ Kd8 24. Bd4 Bxd4 25. Qxd4 Nb3+ 0-1

[Event "Quebec op U2400"]
[Site "Montreal CAN"]
[Date "2009.07.18"]
[Round "1"]
[White "Robichaud, Louis"]
[Black "Kayembe, Doris"]
[Result "0-1"]
[WhiteElo "2123"]
[BlackElo "1901"]
[PlyCount "122"]
[GameId "2160767910155555"]
[EventDate "2009.07.18"]
[EventType "swiss"]
[EventRounds "9"]
[EventCountry "CAN"]
[SourceTitle "EXT 2011"]
[Source "ChessBase"]
[SourceDate "2011.11.26"]
[SourceVersion "1"]
[SourceVersionDate "2011.11.26"]
[SourceQuality "1"]

1. e4 d5 2. exd5 Qxd5 3. Nc3 Qd6 4. d4 Nf6 5. Nf3 a6 6. Be2 Nbd7 7. O-O e6 8. Bg5 Be7 9. Qd2 O-O 10. Rfe1 b5 11. Bf4 Qb6 12. d5 Bc5 13. Bg3 Bb7 14. dxe6 fxe6 15. a3 Ng4 16. Rf1 Qc6 17. Qg5 Nh6 18. Rad1 Rf5 19. Qd2 Nb6 20. Qe1 b4 21. axb4 Bxb4 22. Rd3 Nc4 23. Rd4 Rc5 24. Bxc4 Rxc4 25. Rxc4 Qxc4 26. Ne5 Qc5 27. Nd3 Qc6 28. f3 Bxc3 29. bxc3 Nf5 30. Bf2 a5 31. Ne5 Qe8 32. c4 a4 33. Qb4 Bc6 34. Ra1 Ne7 35. Qc5 Ra6 36. Bd4 Ng6 37. Re1 a3 38. Ra1 Nxe5 39. Qxe5 Qd7 40. Bc3 h6 41. Kf2 Qe7 42. Rd1 Ra8 43. Re1 Ra4 44. Ra1 a2 45. Ke2 Qf7 46. Bd4 Qg6 47. Kf1 Qf7 48. h4 Qd7 49. Bc3 Bb7 50. Kf2 Qe7 51. Qb5 Qxh4+ 52. Kg1 Rxc4 53. Qxb7 Rxc3 54. Rxa2 Qd4+ 55. Kh2 Rc5 56. g4 Qf4+ 57. Kg2 Re5 58. c3 h5 59. Kf1 Qc1+ 60. Kg2 Qf4 61. Kf1 Qc4+ 0-1

[Event "Quebec op U2400"]
[Site "Montreal CAN"]
[Date "2009.07.18"]
[Round "1"]
[White "Voskanyan, Vahagn"]
[Black "Libersan, Thierry"]
[Result "1-0"]
[WhiteElo "2258"]
[BlackElo "2053"]
[PlyCount "97"]
[GameId "2160767910155556"]
[EventDate "2009.07.18"]
[EventType "swiss"]
[EventRounds "9"]
[EventCountry "CAN"]
[SourceTitle "EXT 2011"]
[Source "ChessBase"]
[SourceDate "2011.11.26"]
[SourceVersion "1"]
[SourceVersionDate "2011.11.26"]
[SourceQuality "1"]

1. e4 c5 2. Nf3 d6 3. Bb5+ Nd7 4. c3 Ngf6 5. Qe2 a6 6. Ba4 b5 7. Bc2 g6 8. d4 cxd4 9. cxd4 Bg7 10. O-O O-O 11. Re1 e5 12. a4 b4 13. dxe5 dxe5 14. Be3 Qc7 15. Bd3 Bb7 16. Nbd2 Rfc8 17. h3 Nc5 18. Bxc5 Qxc5 19. Nb3 Qe7 20. Qe3 Nd7 21. Rac1 Qd8 22. Bc4 Bf6 23. Red1 Kg7 24. Bd5 Bxd5 25. Rxd5 Rxc1+ 26. Qxc1 Qe8 27. Qc6 Nf8 28. Qxe8 Rxe8 29. Nc5 a5 30. Nd3 Ne6 31. Rxa5 b3 32. Rb5 Ra8 33. a5 Nd4 34. Nxd4 exd4 35. e5 Bd8 36. Rb7 Kf8 37. Rxb3 Rxa5 38. Rb4 Rd5 39. Kf1 g5 40. Rb7 h5 41. g4 h4 42. Ke2 f6 43. Kf3 fxe5 44. Ke4 Ra5 45. Nxe5 Ra1 46. Rb8 Ke7 47. Nc6+ Kd7 48. Rxd8+ Kxc6 49. Rxd4 1-0

[Event "Quebec op U2400"]
[Site "Montreal CAN"]
[Date "2009.07.19"]
[Round "2"]
[White "Berube, Antoine"]
[Black "Wang, Andrew"]
[Result "1/2-1/2"]
[WhiteElo "2151"]
[BlackElo "2117"]
[PlyCount "81"]
[GameId "2160767910155557"]
[EventDate "2009.07.18"]
[EventType "swiss"]
[EventRounds "9"]
[EventCountry "CAN"]
[SourceTitle "hb 2009.08"]

1. d4 Nf6 2. c4 g6 3. Nc3 d5 4. cxd5 Nxd5 5. e4 Nxc3 6. bxc3 Bg7 7. Bc4 c5 8. Ne2 O-O 9. O-O Nc6 10. Be3 Bg4 11. f3 Na5 12. Bxf7+ Rxf7 13. fxg4 Rxf1+ 14. Kxf1 cxd4 15. cxd4 e5 16. d5 Nc4 17. Qd3 b5 18. g5 Bf8 19. Rc1 Be7 20. h4 Ba3 21. Rc3 Rc8 22. Bf2 Qf8 23. Kg1 Bb4 24. Rc1 Rc7 25. Qh3 Bd2 26. Rxc4 bxc4 27. Qe6+ Rf7 28. d6 c3 29. Bxa7 Qd8 30. Bc5 c2 31. Qxe5 Qc8 32. Qd5 h5 33. gxh6 Bxh6 34. h5 gxh5 35. Qxh5 c1=Q+ 36. Nxc1 Bxc1 37. Bd4 Rg7 38. Qd5+ Rf7 39. Qh5 Rg7 40. Qd5+ Rf7 41. Qh5 1/2-1/2

[Event "Quebec op U2400"]
[Site "Montreal CAN"]
[Date "2009.07.19"]
[Round "2"]
[White "Dumont, Felix"]
[Black "Arsenault, Nicolas"]
[Result "0-1"]
[WhiteElo "1786"]
[BlackElo "2161"]
[PlyCount "82"]
[GameId "2160767910155559"]
[EventDate "2009.07.18"]
[EventType "swiss"]
[EventRounds "9"]
[EventCountry "CAN"]
[SourceTitle "hb 2009.08"]

1. e4 e6 2. d4 d5 3. Nc3 Nf6 4. e5 Nfd7 5. f4 c5 6. Nf3 Nc6 7. Be3 cxd4 8. Nxd4 Bc5 9. Qd2 O-O 10. O-O-O Bxd4 11. Bxd4 a6 12. Bf2 b5 13. Ne2 b4 14. Nd4 Nxd4 15. Bxd4 a5 16. h4 Ba6 17. g4 Qc7 18. Kb1 Rfc8 19. Rc1 Bxf1 20. Rhxf1 Ra6 21. c3 b3 22. a3 Rc6 23. h5 Rc4 24. Rce1 Nc5 25. Bxc5 Qxc5 26. Qe3 a4 27. Qf3 d4 28. cxd4 Rxd4 29. Rc1 Rc4 30. Rxc4 Qxc4 31. Qd1 Qe4+ 32. Ka1 h6 33. Rf2 Rc2 34. Rf1 Qe3 35. Kb1 Qe4 36. Ka1 Qe3 37. Kb1 Rd2 38. Qc1 Qd3+ 39. Ka1 Rc2 40. Qe1 Rxb2 41. Rf2 Rc2 0-1

[Event "Quebec op U2400"]
[Site "Montreal CAN"]
[Date "2009.07.19"]
[Round "2"]
[White "Gagnon, Serge"]
[Black "Robichaud, Louis"]
[Result "1/2-1/2"]
[WhiteElo "2047"]
[BlackElo "2123"]
[PlyCount "114"]
[GameId "2160767910155560"]
[EventDate "2009.07.18"]
[EventType "swiss"]
[EventRounds "9"]
[EventCountry "CAN"]
[SourceTitle "hb 2009.08"]

1. d4 Nf6 2. c4 g6 3. Nc3 Bg7 4. e4 d6 5. Nf3 O-O 6. Be2 e5 7. O-O Nc6 8. d5 Ne7 9. Bg5 h6 10. Be3 Ng4 11. Bd2 f5 12. Ne1 Nf6 13. f3 f4 14. Nd3 g5 15. Be1 h5 16. g3 fxg3 17. hxg3 Ng6 18. f4 exf4 19. gxf4 Nxf4 20. Nxf4 gxf4 21. Bh4 Bg4 22. Rxf4 Qd7 23. Bxf6 Rxf6 24. Rxf6 Bxf6 25. Bxg4 hxg4 26. Qd2 Kg7 27. Ne2 Rh8 28. Nd4 Kg8 29. Ne6 Qh7 30. Qg2 Kf7 31. Rf1 Ke7 32. Rf4 Qh4 33. Kf1 Qh1+ 34. Qxh1 Rxh1+ 35. Kg2 Rb1 36. b3 g3 37. Rf3 Be5 38. a4 Rb2+ 39. Kg1 c5 40. Kf1 Rb1+ 41. Kg2 Rd1 42. Kh3 Rd2 43. Nf4 Bxf4 44. Rxf4 Rd3 45. Rg4 Rxb3 46. Rxg3 Rb4 47. Kg4 Rxa4 48. Kf5 Rxc4 49. Rg7+ Kd8 50. Rxb7 a5 51. Ra7 a4 52. Ke6 Rxe4+ 53. Kxd6 Kc8 54. Kxc5 Rh4 55. d6 Rh1 56. Rxa4 Rc1+ 57. Kd5 Rd1+ 1/2-1/2

[Event "Quebec op U2400"]
[Site "Montreal CAN"]
[Date "2009.07.19"]
[Round "2"]
[White "Le Duin, Thierry"]
[Black "Beaulieu, Pierre"]
[Result "1-0"]
[WhiteElo "2094"]
[BlackElo "1989"]
[PlyCount "112"]
[GameId "2160767910155561"]
[EventDate "2009.07.18"]
[EventType "swiss"]
[EventRounds "9"]
[EventCountry "CAN"]
[SourceTitle "hb 2009.08"]

1. d4 Nf6 2. Nf3 b6 3. Bg5 Bb7 4. Nbd2 e6 5. e3 Be7 6. Bd3 d6 7. c3 Nbd7 8. O-O h6 9. Bh4 O-O 10. Rc1 e5 11. Bc4 Kh8 12. Qc2 e4 13. Ne1 Ng4 14. Bxe7 Qxe7 15. h3 Ngf6 16. Qb1 Rae8 17. Nc2 Ng8 18. Be2 f5 19. f4 Qh4 20. Kh2 Qf6 21. Rg1 g5 22. g3 Ne7 23. Rcf1 c5 24. Bb5 Rd8 25. Rg2 Nd5 26. c4 Ne7 27. d5 Rg8 28. Rfg1 h5 29. b3 g4 30. h4 Nb8 31. b4 Ng6 32. Qa1 Kg7 33. Qxf6+ Kxf6 34. Rb1 Rg7 35. Rb2 Rc7 36. bxc5 dxc5 37. Ba4 Ne7 38. Nb1 Ba6 39. Nca3 Nc8 40. Rgc2 Nd6 41. Bb5 Bxb5 42. Nxb5 Nxb5 43. Rxb5 Na6 44. a3 Rb7 45. Nc3 Ke7 46. Rcb2 Kd6 47. Na4 Rdb8 48. Nc3 Nc7 49. R5b3 a6 50. Kg2 b5 51. Kf2 b4 52. Na4 bxa3 53. Rxb7 Rxb7 54. Rxb7 a2 55. Rb6+ Kd7 56. Nxc5+ Kc8 1-0

[Event "Quebec op U2400"]
[Site "Montreal CAN"]
[Date "2009.07.19"]
[Round "2"]
[White "Lemieux, Serge"]
[Black "Qin, Zi Yi (Joey)"]
[Result "0-1"]
[WhiteElo "1533"]
[BlackElo "2140"]
[PlyCount "76"]
[GameId "2160767910155562"]
[EventDate "2009.07.18"]
[EventType "swiss"]
[EventRounds "9"]
[EventCountry "CAN"]
[SourceTitle "hb 2009.08"]

1. d4 Nf6 2. c4 g6 3. Nf3 Bg7 4. Nc3 O-O 5. e4 d6 6. Be3 e5 7. h3 exd4 8. Nxd4 Re8 9. Bd3 Nbd7 10. Qd2 Nc5 11. f3 Nxd3+ 12. Qxd3 Nd7 13. O-O Ne5 14. Qe2 f5 15. Rac1 Nc6 16. Rfd1 fxe4 17. Nxe4 Bf5 18. Nxc6 bxc6 19. Bd4 Bxe4 20. fxe4 Bh6 21. Rc3 Qe7 22. Re1 c5 23. Bf2 Bg7 24. Rd3 Rf8 25. Qd2 Rae8 26. b3 Rf7 27. Qd1 Ref8 28. Re2 Be5 29. Qc2 Qg5 30. g3 Rf3 31. Kg2 Qf6 32. Qd2 h5 33. Kg1 Kh7 34. Rxf3 Qxf3 35. Re3 Qf6 36. Qe2 Bd4 37. Rd3 Bxf2+ 38. Kg2 Qa1 0-1

[Event "Quebec op U2400"]
[Site "Montreal CAN"]
[Date "2009.07.19"]
[Round "2"]
[White "Luksza, Arkadiusz"]
[Black "Khassanov, Marat"]
[Result "0-1"]
[WhiteElo "2129"]
[BlackElo "2284"]
[PlyCount "56"]
[GameId "2160767910155563"]
[EventDate "2009.07.18"]
[EventType "swiss"]
[EventRounds "9"]
[EventCountry "CAN"]
[SourceTitle "EXT 2011"]
[Source "ChessBase"]
[SourceDate "2011.11.26"]
[SourceVersion "1"]
[SourceVersionDate "2011.11.26"]
[SourceQuality "1"]

1. d4 d5 2. c4 c6 3. e3 Nf6 4. Nc3 e6 5. Nf3 Nbd7 6. Qc2 Bd6 7. b3 O-O 8. Be2 e5 9. dxe5 Nxe5 10. cxd5 Nxd5 11. Nxd5 cxd5 12. O-O Nxf3+ 13. Bxf3 Qh4 14. h3 Bxh3 15. Rd1 Rac8 16. Qd2 Bf5 17. g3 Bxg3 18. fxg3 Qxg3+ 19. Qg2 Qe5 20. Qb2 Qe7 21. Qd4 Be4 22. Rf1 Qh4 23. Bxe4 dxe4 24. Qd2 Rc6 25. Rf2 Rd8 26. Qe2 Rh6 27. Rg2 Qh1+ 28. Kf2 Rf6+ 0-1

[Event "Quebec op U2400"]
[Site "Montreal CAN"]
[Date "2009.07.19"]
[Round "2"]
[White "Mai, Lloyd"]
[Black "Berson, Jordan"]
[Result "1-0"]
[WhiteElo "2173"]
[BlackElo "1996"]
[PlyCount "49"]
[GameId "2160767910155564"]
[EventDate "2009.07.18"]
[EventType "swiss"]
[EventRounds "9"]
[EventCountry "CAN"]
[SourceTitle "hb 2009.08"]

1. e4 c6 2. d4 d5 3. Nc3 dxe4 4. Nxe4 Nd7 5. Nf3 Ngf6 6. Nxf6+ Nxf6 7. Bc4 Bf5 8. O-O e6 9. Re1 Bg4 10. c3 Be7 11. Bf4 O-O 12. Qd3 c5 13. Ne5 Bf5 14. Qf3 Qb6 15. g4 Bg6 16. g5 Nh5 17. Nd7 Qxb2 18. Nxf8 Rxf8 19. Be3 Qxc3 20. Rac1 Qa3 21. d5 b5 22. Bxb5 Bxg5 23. dxe6 fxe6 24. Qxf8+ Kxf8 25. Bxc5+ 1-0

[Event "Quebec op U2400"]
[Site "Montreal CAN"]
[Date "2009.07.19"]
[Round "2"]
[White "Poulin, Mathieu"]
[Black "Ibrahim, Anthony"]
[Result "1/2-1/2"]
[WhiteElo "1749"]
[BlackElo "2112"]
[PlyCount "97"]
[GameId "2160767910155566"]
[EventDate "2009.07.18"]
[EventType "swiss"]
[EventRounds "9"]
[EventCountry "CAN"]
[SourceTitle "hb 2009.08"]

1. d4 Nf6 2. c4 g6 3. Nc3 Bg7 4. Nf3 O-O 5. g3 d6 6. Bg2 Nbd7 7. O-O c6 8. Re1 e5 9. e4 exd4 10. Nxd4 Ne5 11. b3 Re8 12. f3 a6 13. a4 Qb6 14. Be3 Nfg4 15. Kh1 Nxe3 16. Rxe3 Nxc4 17. bxc4 Qxd4 18. Qxd4 Bxd4 19. Rd3 Bg7 20. Rc1 Be6 21. Ne2 Rad8 22. Nf4 Kf8 23. Nxe6+ fxe6 24. Rb1 Re7 25. Kg1 c5 26. Rdb3 Rdd7 27. Bh3 Bd4+ 28. Kf1 g5 29. Bg4 Kg7 30. h4 gxh4 31. gxh4 Kf6 32. h5 Ke5 33. Kg2 Kf4 34. Kh3 Be5 35. Kg2 b5 36. axb5 axb5 37. Rxb5 Ra7 38. Kf1 h6 39. Ke2 Bd4 40. Rb6 d5 41. Bxe6 dxe4 42. fxe4 Kxe4 43. Re1 Bc3 44. Rd1 Ra2+ 45. Kf1 Rg7 46. Bd5+ Kf4 47. Rg6 Ke3 48. Re6+ Kf4 49. Rg6 1/2-1/2

[Event "Quebec op U2400"]
[Site "Montreal CAN"]
[Date "2009.07.19"]
[Round "2"]
[White "Wenaas, Eric"]
[Black "Kayembe, Doris"]
[Result "1/2-1/2"]
[WhiteElo "2171"]
[BlackElo "1901"]
[PlyCount "101"]
[GameId "2160767910155569"]
[EventDate "2009.07.18"]
[EventType "swiss"]
[EventRounds "9"]
[EventCountry "CAN"]
[SourceTitle "hb 2009.08"]

1. c4 g6 2. Nc3 Bg7 3. Nf3 d6 4. g3 Bd7 5. Bg2 Qc8 6. O-O Nc6 7. d4 e5 8. d5 Nce7 9. e4 Nh6 10. c5 f6 11. cxd6 cxd6 12. Qb3 Nf7 13. Be3 b6 14. Rfc1 O-O 15. Nb5 Qd8 16. a4 f5 17. exf5 gxf5 18. Ng5 Nxg5 19. Bxg5 Bxb5 20. Qxb5 Bf6 21. Bxf6 Rxf6 22. a5 Rb8 23. axb6 Rxb6 24. Qa5 Rf7 25. Rc2 Qb8 26. Qxa7 Rxb2 27. Qxb8+ Rxb8 28. Rc7 Ng6 29. Rxf7 Kxf7 30. Ra7+ Kf6 31. Rxh7 Rb1+ 32. Bf1 Rd1 33. h4 e4 34. Kg2 f4 35. gxf4 Nxf4+ 36. Kg3 Nxd5 37. Bc4 Kg6 38. Rb7 Nf6 39. Be6 Nh5+ 40. Kh2 Nf6 41. Kg3 Rd3+ 42. Kg2 Rd2 43. Kf1 d5 44. Ke1 Rd3 45. Ke2 Kh5 46. Rf7 Kg6 47. Rb7 Rf3 48. Rb5 d4 49. Rg5+ Kh6 50. Rf5 Rxf5 51. Bxf5 1/2-1/2

[Event "Quebec op U2400"]
[Site "Montreal CAN"]
[Date "2009.07.19"]
[Round "2"]
[White "Zozulia, Anna"]
[Black "Audet-Bouchard, Nicolas"]
[Result "1-0"]
[WhiteElo "2341"]
[BlackElo "2151"]
[PlyCount "61"]
[GameId "2160767910155570"]
[EventDate "2009.07.18"]
[EventType "swiss"]
[EventRounds "9"]
[EventCountry "CAN"]
[SourceTitle "EXT 2011"]
[Source "ChessBase"]
[SourceDate "2011.11.26"]
[SourceVersion "1"]
[SourceVersionDate "2011.11.26"]
[SourceQuality "1"]

1. e4 c5 2. Nf3 Nc6 3. Bb5 e6 4. O-O Nge7 5. c3 a6 6. Ba4 b5 7. Bc2 c4 8. d4 cxd3 9. Qxd3 Ng6 10. Be3 Qc7 11. Rd1 Be7 12. Nbd2 Nf4 13. Qf1 O-O 14. Nb3 b4 15. c4 a5 16. Nbd4 Nxd4 17. Nxd4 Ba6 18. Ba4 d5 19. Nb5 Qb8 20. exd5 exd5 21. cxd5 Rd8 22. Qc4 Ng6 23. Rac1 Rd7 24. Bc5 Bd8 25. Qe4 Bg5 26. Nd4 Bxc1 27. Bxd7 Bxb2 28. Bc6 Bb7 29. d6 Bxd4 30. Bxb7 Bxc5 31. d7 1-0

[Event "Quebec op U2400"]
[Site "Montreal CAN"]
[Date "2009.07.19"]
[Round "3"]
[White "Audet-Bouchard, Nicolas"]
[Black "Rosen, Matthew"]
[Result "1-0"]
[WhiteElo "2151"]
[BlackElo "2044"]
[PlyCount "71"]
[GameId "2160767910155571"]
[EventDate "2009.07.18"]
[EventType "swiss"]
[EventRounds "9"]
[EventCountry "CAN"]
[SourceTitle "hb 2009.08"]

1. e4 c5 2. Nf3 d6 3. d4 cxd4 4. Nxd4 Nf6 5. Nc3 a6 6. Be3 e6 7. f4 Nbd7 8. Qf3 Qc7 9. Bd3 b5 10. O-O-O Nc5 11. g4 b4 12. Nce2 Bb7 13. Ng3 Rc8 14. Kb1 d5 15. e5 Nfd7 16. h4 Na4 17. Nge2 Bc5 18. g5 Qb6 19. Ka1 g6 20. h5 Ke7 21. Rh4 Qa7 22. Qh3 Qa8 23. Rh1 Rhg8 24. hxg6 hxg6 25. Rh7 Bxd4 26. Nxd4 Nac5 27. f5 gxf5 28. Rxf7+ Kxf7 29. Qh7+ Rg7 30. g6+ Kf8 31. Bh6 Ke8 32. Bxg7 Kd8 33. Bf6+ Kc7 34. Qe7 Re8 35. Qd6+ Kc8 36. g7 1-0

[Event "Quebec op U2400"]
[Site "Montreal CAN"]
[Date "2009.07.19"]
[Round "3"]
[White "Beaulieu, Pierre"]
[Black "Zhang, Zhiyuan"]
[Result "1-0"]
[WhiteElo "1989"]
[BlackElo "1902"]
[PlyCount "109"]
[GameId "2160767910155572"]
[EventDate "2009.07.18"]
[EventType "swiss"]
[EventRounds "9"]
[EventCountry "CAN"]
[SourceTitle "hb 2009.08"]

1. e4 e6 2. Nf3 d5 3. e5 c5 4. c3 Nc6 5. Bb5 Bd7 6. Bxc6 bxc6 7. O-O Ne7 8. d3 Ng6 9. Re1 Be7 10. Nbd2 O-O 11. Nf1 Qb6 12. c4 Rfd8 13. Qe2 Bc8 14. Ng3 Ba6 15. b3 Bb7 16. Bg5 a5 17. h4 Bxg5 18. Nxg5 h6 19. Nxf7 Kxf7 20. Qh5 Qc7 21. Re3 Re8 22. Rae1 Qe7 23. Rf3+ Kg8 24. Qxg6 Rf8 25. Rxf8+ Rxf8 26. Nh5 Kh8 27. Re3 Qf7 28. Qxf7 Rxf7 29. g3 Bc8 30. Nf4 Kh7 31. Kg2 Rf5 32. Nh3 Kg8 33. f4 Kf8 34. Re2 Ke7 35. cxd5 cxd5 36. Rc2 Ba6 37. Nf2 g5 38. hxg5 hxg5 39. Kf3 gxf4 40. gxf4 c4 41. bxc4 dxc4 42. dxc4 Rf8 43. c5 Rc8 44. Ke3 Bb7 45. Ne4 Bxe4 46. Kxe4 Rb8 47. Rc4 Rc8 48. c6 Rc7 49. Kd4 Rc8 50. Kc5 Rb8 51. c7 Rf8 52. Kc6 Rf7 53. c8=Q a4 54. Rxa4 Rxf4 55. Ra7# 1-0